000 00400nam a2200097Ia 4500
005 20251222114340.0
008 251222s1900||||xx |||||||||||||| ||spa||
082 _aDVD0095/A87
245 0 _aAtmosphera: realtà e miti dei cambiamenti climatici nel presente e nella stori del nostro planeta:Atmósfera: mitos y realidades del cambio climático en el presente y en la historia de nuestro planeta
942 _cDVD
999 _c803
_d803